Aviation maintenance management
This unique resource covers aircraft maintenance program development and operations from a managerial as well as technical perspective. Readers will learn how to save money by minimizing aircraft downtime and slashing maintenance and repair costs.
Enregistré dans:
| Auteur principal: | |
|---|---|
| Format: | Livre |
| Langue: | Undetermined |
| Publié: |
New York
McGraw Hill
2004
|
| Sujets: | |
| Tags: |
Ajouter un tag
Pas de tags, Soyez le premier à ajouter un tag!
|
| Thư viện lưu trữ: | Trung tâm Học liệu Trường Đại học Cần Thơ |
|---|
| LEADER | 00814nam a2200217Ia 4500 | ||
|---|---|---|---|
| 001 | CTU_95717 | ||
| 008 | 210402s9999 xx 000 0 und d | ||
| 020 | |c 959000 | ||
| 082 | |a 629.134 | ||
| 082 | |b K55 | ||
| 100 | |a Kinnison, Harry A. | ||
| 245 | 0 | |a Aviation maintenance management | |
| 245 | 0 | |c Harry A. Kinnison | |
| 260 | |a New York | ||
| 260 | |b McGraw Hill | ||
| 260 | |c 2004 | ||
| 520 | |a This unique resource covers aircraft maintenance program development and operations from a managerial as well as technical perspective. Readers will learn how to save money by minimizing aircraft downtime and slashing maintenance and repair costs. | ||
| 650 | |a Airplanes,Airlines | ||
| 650 | |x Maintenance and repair,Management | ||
| 904 | |i M.Loan | ||
| 980 | |a Trung tâm Học liệu Trường Đại học Cần Thơ | ||